[Event "Sodingen- Bünde"]
[Site "?"]
[Date "2022.09.11"]
[Round "1.2"]
[White "Waldschmidt, Georg"]
[Black "Brunke, Pascal"]
[Result "0-1"]
[WhiteElo "2185"]
[BlackElo "2056"]
[PlyCount "78"]
[EventDate "2022.??.??"]
[SourceVersionDate "2022.09.21"]

1. e4 e6 2. d4 d5 3. e5 c5 4. c3 Nc6 5. Nf3 Qb6 6. Bd3 cxd4 7. O-O Bd7 8. Re1 Nge7 9. h4 a6 10. h5 g6 11. Nbd2 dxc3 12. bxc3 Qc7 13. Nb3 Bg7 14. Nbd4 gxh5 15. Ba3 Nxe5 16. Nxe5 Bxe5 17. Qxh5 Bd6 18. Bxd6 Qxd6 19. a4 O-O-O 20. a5 Rhg8 21. Rab1 Nc6 22. Rb6 Qc5 23. Nxc6 Bxc6 24. Reb1 Rd7 25. Bxa6 Rxg2+ 26. Kh1 Rxf2 27. Rxc6+ Qxc6 28. Bb5 Qc7 29. Bxd7+ Kxd7 30. Qh4 Rf5 31. Qa4+ Kd8 32. Qh4+ Kc8 33. a6 bxa6 34. Qxh7 Kd7 35. Qh8 d4 36. Qxd4+ Rd5 37. Qa4+ Qc6 38. Rb7+ Kd6 39. Qb4+ Rc5+ 0-1